00665 a2200181 4500010001400000020002200014035001300036037001800049082001200067090001500079245004700094260003800141270010300179300002500282942002700307999001500334952013400349 aENG-85556 c95.00a8178123436 aEN-69089 bD.B.Act / ven14a615.535 c2962d29621 aReaders delight self help with naturopathy aNew DelhibReader's Delightc2006 a12-H, New Daryaganj Road, Opp. Traffic KotwalibNew Delhie110 002minfo@remeshpublishinghouse.com a176 p.c22 cm (Pbk.) adplcENk615.535 / REA c2905d2905 00102ddc40718NFICaDBADbDBADeDBAD/PUBg95.00l0o615.535 REApEN-69089r2008-09-15 00:00:00t1u3096v95.00w2008-09-15yEN